000
00172nam a22000857a 4500
022
_a
1010-9609
245
_a
WHO DRUG INFORMATION
260
_a
WHO
_b
WHO
_c
2015
942
_2
ddc
_c
LJ
999
_c
7672
_d
7672